000
00347nam a22001571a 4500
082
_a
S 294.592 5
_b
VIS
245
_a
Vishnudharmottarapuranam
260
_a
Delhi:
_b
Nag,
_c
1998.
300
_a
650
_a
Visnudharmottarapurana
650
_a
Purana
650
_a
Vedic Literature
650
_a
Hinduism
650
_a
Religion
942
_c
BK
999
_c
50092
_d
50092